The noble scholar, jurist, historian


 His Excellency Dr. Abdul Wahhab bin Ibrahim Abu Sulaiman, may Allah have mercy on him.


 He was born in Umm Al-Qura in the year 1356 AH.

عوارض الأهلية عند الأصوليين / (Record no. 4719)

MARC details
000 -LEADER
fixed length control field 02290cam a2200325 i 4500
003 - CONTROL NUMBER IDENTIFIER
control field SA-RiAUC
005 - DATE AND TIME OF LATEST TRANSACTION
control field 20250114060710.0
008 - FIXED-LENGTH DATA ELEMENTS--GENERAL INFORMATION
fixed length control field 250109s1988 su f b f00100 ara c
024 0# - OTHER STANDARD IDENTIFIER
Standard number or code 00000000969723
040 ## - CATALOGING SOURCE
Original cataloging agency SA-RiKSU
Language of cataloging ara
Transcribing agency SA-RiAUC
Modifying agency AE-DuMBRL
Description conventions rda
082 04 - DEWEY DECIMAL CLASSIFICATION NUMBER
Classification number 251
Assigning agency SA-RiAUC
090 ## - LOCALLY ASSIGNED LC-TYPE CALL NUMBER (OCLC); LOCAL CALL NUMBER (RLIN)
Classification number (OCLC) (R) ; Classification number, CALL (RLIN) (NR) 251
Local cutter number (OCLC) ; Book number/undivided call number, CALL (RLIN) ج ب و
100 1# - MAIN ENTRY--PERSONAL NAME
Personal name الجبوري، حسين بن خلف
Relator term مؤلف.
245 10 - TITLE STATEMENT
Title عوارض الأهلية عند الأصوليين /
Statement of responsibility, etc. تأليف الدكتور حسين خلف الجبوري.
250 ## - EDITION STATEMENT
Edition statement الطبعة الأولى.
264 #1 - PRODUCTION, PUBLICATION, DISTRIBUTION, MANUFACTURE, AND COPYRIGHT NOTICE
Place of production, publication, distribution, manufacture مكة المكرمة :
Name of producer, publisher, distributor, manufacturer جامعة أم القرى، معهد البحوث العلمية وإحياء التراث الإسلامي،
Date of production, publication, distribution, manufacture, or copyright notice 1988.
300 ## - PHYSICAL DESCRIPTION
Extent 598 صفحة ؛
Dimensions 24 سم
336 ## - CONTENT TYPE
Content type term نص
Content type code txt
Source rdacontent
Materials specified كتاب
337 ## - MEDIA TYPE
Media type term بدون وسيط
Media type code n
Source rdamedia
338 ## - CARRIER TYPE
Carrier type term مجلد
Carrier type code nc
Source rdacarrier
500 ## - GENERAL NOTE
General note الأصل أطروحة دكتوراه-جامعة الأزهر.
500 ## - GENERAL NOTE
General note يشتمل على كشافات.
504 ## - BIBLIOGRAPHY, ETC. NOTE
Bibliography, etc. note ببليوجرافية : صفحة 521-579.
504 ## - BIBLIOGRAPHY, ETC. NOTE
Bibliography, etc. note يشتمل على إرجاعات ببليوجرافية.
520 ## - SUMMARY, ETC.
Summary, etc. يتناول كتاب (عوارض الأهلية عند الأصوليين) والذي قام بتأليفه د. حسين خلف الجبوري، موضوع (عوارض الأهلية) الكتاب يوضح مؤلفه أن الإنسان يعد مكلفا بالأحكام الشرعية، حيث أنه يجب عليه أداء كل ما تضمنته هذه الأحكام من تكاليف، وما احتوته من مطالب. والكتاب يقدم دراسة تتناول جانبا هاما من أصول الفقه الإسلامي، وهي عوارض الأهلية عند الأصوليين. وترجع أهمية ذلك لكثرة ما يعترض سبيل المكلف عند أداء الأحكام الشرعية المكلف بها بعد العوارض والمعوقات، فيتعذر عليه أداء الأحكام الشرعية كلية أو جزئية.
650 #7 - SUBJECT ADDED ENTRY--TOPICAL TERM
Topical term or geographic name entry element الأهلية (فقه إسلامي)
Source of heading or term aucsh
942 ## - ADDED ENTRY ELEMENTS (KOHA)
Source of classification or shelving scheme Dewey Decimal Classification
Koha item type Books
Suppress in OPAC No
949 ## - LOCAL PROCESSING INFORMATION (OCLC)
a SA-JeALM
d 250109
u osman123
n 1
Holdings
Withdrawn status Lost status Source of classification or shelving scheme Damaged status Not for loan Home library Current library Date acquired Total checkouts Full call number Barcode Date last seen Price effective from Koha item type
    Dewey Decimal Classification     DR AbdElwahab Library DR AbdElwahab Library 01/14/2025   251 ج ب و 000007383 01/14/2025 01/14/2025 Books
    Dewey Decimal Classification     DR AbdElwahab Library DR AbdElwahab Library 09/11/2025   251 ج ب و 000018637 09/11/2025 09/11/2025 Books
    Dewey Decimal Classification     DR AbdElwahab Library DR AbdElwahab Library 09/11/2025   251 ج ب و 000018638 09/11/2025 09/11/2025 Books